Todos os Clubes que já Jogaram a Liga Portugal 2 - Statistics

Estatísticas Gerais
  • Esse quiz foi jogado 140 vezes
  • A pontuação média é 45 de 79
Estatísticas das Respostas
# Resposta % Correto
13 Benfica B
98%
13 Porto B
98%
6 Sporting B
96%
7 Braga
94%
2 Maritimo
91%
3 Maritimo B
91%
13 Nacional
89%
20 Portimonense
88%
1 Vitoria SC
86%
6 Vitoria SC B
86%
25 Desportivo de Aves
84%
8 Farense
84%
11 Rio Ave
84%
18 Santa Clara
84%
1 Boavista
83%
6 Belenenses
81%
6 Arouca
80%
17 Estoril
78%
6 Tondela
78%
10 Gil Vicente
77%
16 Academica
75%
3 Casa Pia
75%
6 Famalicão
75%
26 Feirense
75%
11 Moreirense
75%
17 Chaves
74%
23 Leixões
74%
8 União de Leiria
74%
5 Vitoria FC
74%
11 Paços de Ferreira
72%
29 Penafiel
72%
7 Vizela
72%
18 Academico de Viseu
71%
7 Estrela CF
71%
6 Alverca
70%
13 União da Madeira
70%
9 Olhanense
69%
20 Sporting da Covilhã
63%
8 Mafra
62%
20 Varzim
62%
10 Beira Mar
60%
13 Felgueiras
59%
1 AVS
57%
16 Oliveirense
56%
8 Torreense
56%
10 Trofense
56%
1 BSAD
55%
1 Fafe
51%
1 O Elvas
45%
2 Salgueiros
45%
11 Sporting de Espinho
45%
5 Campomaiorense
44%
1 Real SC
43%
9 Naval
42%
2 Barreirense
40%
4 Vilafranquense
40%
1 Vilaverdense
39%
2 Amora
37%
7 Leça
37%
5 Gondomar
34%
2 Oriental de Lisboa
33%
5 Atletico CP
32%
12 Freamunde
29%
5 Cova da Piedade
28%
5 FC Marco
26%
3 Tirsense
26%
3 Fatima
25%
3 Benfica de Castelo Branco
24%
11 Ovarense
24%
4 Louletano
23%
10 Maia
23%
9 União de Lamas
23%
2 Imortal de Albufeira
20%
1 Agueda
17%
1 Desportivo de Beja
17%
1 Carregado
16%
2 Esposende
16%
1 Lusitano VRSA
15%
1 Olivais e Moscavide
11%
Nenhum quiz correspondente encontrado
Distribuição das Pontuações
Porcentagem de Pessoas com Cada Pontuação
Percentil de Números Respondidos
Sua Pontuação Histórica
Você não jogou esse quiz